00884nam a22002417a 4500999001500000001000600015003000900021005001700030008004100047020001800088040003800106082001700144100002000161245007900181260003200260300002900292504004100321650002300362700001700385942001200402952011400414952011400528 c1179d117919149BD-DhUAP20200203152743.0200203s2015 bg ||||| b||| 00| 0 eng d a9789843393258 aBD-DhUAPbEngcBD-DhUAPdBD-DhUAP 223a341 HOS  aHossain, Amran. aPillars of international law and politics /cAmran Hossain and Arif Ahmed. aDhaka : bAuthors, cc2015. axiv, 479 pages ;c22 cm. aIncludes bibliographical references. aInternational law. aAhmed, Arif. 2ddccBK 00102ddc4070aUAPCLbUAPCLcGeneral Stacksd2020-02-03o341 HOSp3010019149r2020-02-03t1w2020-02-03yBK 00102ddc4070aUAPCLbUAPCLcGeneral Stacksd2020-02-03o341 HOSp3010019148r2020-02-03t2w2020-02-03yBK